00920nam a22002897a 4500001001000000003000900010005001700019007000300036008003400039040005400073041001000127072001300137090001800150110007800168245005100246260003600297300001100333500001200344650001800356650001300374650001800387650001500405909003600420942000700456999001700463952015000480BR0001258BR-BrBNA20230928100601.0ta230509b bl.||||| |||| 00| 0 por d aBR-BrBNAbporcBiblioteca Nacional de Agricultura a(Por) aL10; P01  L10 BR00012581 aSenado Federal, Brasilia, DF (Brasil). Comissao de Assuntos Sociais992671 aClonagem transgenicos: impactos e perspectivas3 aBrasilia, DF (Brasil): c1999.  a116 p. a25 ref. aBiotecnologia aClonagem aMeio Ambiente aLegislacao a202309bLuciac55dLucia Elande cBK c61918d61918 002AGRIS40708AGROBASEa41918b41918l0o L10 BR0001258pL10 BR0001258r2023-09-25t01yBK10d2023-09-25ePortaria Interministerial nÂș 164/94